| 000 | 00904nam a2200301I 4500 | ||
|---|---|---|---|
| 001 | 35802 | ||
| 003 | BD-RjUL | ||
| 005 | 20211209052400.0 | ||
| 008 | 140609r19671965ii b 000 0 eng | ||
| 035 |
_a(BD-RjUL)35897 _aMITb10497118 |
||
| 035 | _a(OCoLC)00497110 | ||
| 035 | _aGLIS00497118 | ||
| 035 | _a(OCoLC)07459145 | ||
| 040 |
_aDLC _cWSU _dBD-RjUL _beng |
||
| 041 | _aeng | ||
| 082 |
_a320 _bCAG 1967 |
||
| 100 | 1 |
_aCarter, Gwendolen Margaret _d1906-1991. _911764 |
|
| 245 | 1 | 0 |
_aGovernment and politics in the twentieth century / _cGwendolen M. Carter and John H. Herz. |
| 250 | _aRev. ed. | ||
| 260 |
_aNew Delhi : _bWiley Eastern, _cc1965 [reprint 1967]. |
||
| 300 |
_aviii, 231 p. ; _c22 cm. |
||
| 504 | _aIncludes index. | ||
| 650 | 0 |
_aPolitical science. _9109049 |
|
| 700 | 1 |
_aHerz, John H. _d1908-2005. _911765 |
|
| 942 |
_2ddc _cBK |
||
| 999 |
_c35802 _d35802 |
||